000 00856cam a2200241 a 4500
001 2525535
005 20180809074924.0
008 931108s1995 mdua b 001 0 eng c
010 _a 93044331
020 _a0683029991 (set)
040 _aDNLM/DLC
_cDLC
_dDLC
041 _aeng
060 0 0 _aWS 290 H436 1995
080 _25 th
_a618.921 EMM
082 0 0 _a618.921 EMM
_220
100 _a7
101 _aKAR
245 1 0 _aMoss and Adams heart disease in infants, children, and adolescents :
_cEmmanouilides.G.C
504 _aIncludes bibliographical references and index.
906 _a7
_bcbc
_corignew
_d1
_eocip
_f19
_gy-gencatlg
942 _2ddc
_cBK
999 _c46975
_d46975